<?xml version="1.0" encoding="UTF-8"?>
<record
    xmlns:xsi="http://www.w3.org/2001/XMLSchema-instance"
    xsi:schemaLocation="http://www.loc.gov/MARC21/slim http://www.loc.gov/standards/marcxml/schema/MARC21slim.xsd"
    xmlns="http://www.loc.gov/MARC21/slim">

  <leader>01487    a2200205   4500</leader>
  <controlfield tag="001">58779</controlfield>
  <controlfield tag="005">20260407155842.0</controlfield>
  <controlfield tag="008">260407a1975    arg                 spa d</controlfield>
  <controlfield tag="003">AR-UNSa-BCEJYS</controlfield>
  <datafield tag="040" ind1=" " ind2=" ">
    <subfield code="a">AR-UNSa-BCEJYS</subfield>
    <subfield code="b">spa</subfield>
    <subfield code="c">AR-UNSa-BCEJYS</subfield>
  </datafield>
  <datafield tag="080" ind1=" " ind2=" ">
    <subfield code="a">336.226.3</subfield>
    <subfield code="x">Impuestos por el uso de los ingresos. Impuestos al consumo. IVA</subfield>
  </datafield>
  <datafield tag="245" ind1="1" ind2="0">
    <subfield code="a">Tributaci&#xF3;n sobre el valor agregado</subfield>
    <subfield code="p">Ley N&#xBA; 20.631</subfield>
  </datafield>
  <datafield tag="264" ind1=" " ind2="1">
    <subfield code="a">Buenos Aires :</subfield>
    <subfield code="b">V&#xED;ctor P. de Zaval&#xED;a</subfield>
    <subfield code="c">1975</subfield>
  </datafield>
  <datafield tag="300" ind1=" " ind2=" ">
    <subfield code="a">287 p.</subfield>
    <subfield code="c">23 cm.</subfield>
  </datafield>
  <datafield tag="505" ind1=" " ind2=" ">
    <subfield code="a">1. Pautas previas para la tributaci&#xF3;n - 2. Antecedentes hist&#xF3;ricos de la tributaci&#xF3;n sobre venta y servicios - 3. Presupuestos constitucionales sobre el IVA - 4. Imposici&#xF3;n sobre las ventas - 5. Ubicaci&#xF3;n del impuesto al valor agregado en el sistema tributario estatal y particularmente en el sistema impositivo argentino - 6. Concepto del impuesto sobre el valor agregado - 7. Principios generales aplicables en la tributaci&#xF3;n sobre el valor agregado - 8. An&#xE1;lisis de la legislaci&#xF3;n Argentina sobre el impuesto al valor agregado - 9. Jurisprudencia sobre aplicaci&#xF3;n de las leyes impositivas a los consumos - 10. R&#xE9;gimen de la inscripci&#xF3;n - 11. R&#xE9;gimen de recaudaci&#xF3;n - 12.  R&#xE9;gimen de coparticipaci&#xF3;n - 13. Legislaci&#xF3;n comparada sobre el impuesto al valor agregado - 14. Consideraciones finales sobre la legislaci&#xF3;n del impuesto al valor agregado. </subfield>
  </datafield>
  <datafield tag="041" ind1=" " ind2=" ">
    <subfield code="a">spa</subfield>
  </datafield>
  <datafield tag="942" ind1=" " ind2=" ">
    <subfield code="c">BK</subfield>
  </datafield>
  <datafield tag="590" ind1=" " ind2=" ">
    <subfield code="a">niveau_biblio:m niveau_hierar:0</subfield>
  </datafield>
  <datafield tag="100" ind1="1" ind2=" ">
    <subfield code="a">Juano, Manuel de</subfield>
  </datafield>
  <datafield tag="999" ind1=" " ind2=" ">
    <subfield code="c">6486</subfield>
    <subfield code="d">6486</subfield>
  </datafield>
  <datafield tag="952" ind1=" " ind2=" ">
    <subfield code="0">0</subfield>
    <subfield code="1">0</subfield>
    <subfield code="4">0</subfield>
    <subfield code="7">0</subfield>
    <subfield code="a">BCEJYS</subfield>
    <subfield code="b">BCEJYS</subfield>
    <subfield code="c">16</subfield>
    <subfield code="d">2026-04-07</subfield>
    <subfield code="l">0</subfield>
    <subfield code="o">336.226.3 J91</subfield>
    <subfield code="p">L26852</subfield>
    <subfield code="r">2026-04-07 15:58:42</subfield>
    <subfield code="w">2026-04-07</subfield>
    <subfield code="y">L</subfield>
  </datafield>
</record>
